|
|
|
|
| LEADER |
00000cam a2200000 a 4500 |
| 001 |
vtls001160649 |
| 003 |
SK-MaSNL |
| 005 |
20260301063247.0 |
| 008 |
251029s1971 xo a f n 000 0 slo |
| 015 |
|
|
|a SNBA1971
|
| 035 |
|
|
|a SNK000103556
|
| 035 |
|
|
|a urn:nbn:sk:snk-amkwma
|
| 035 |
|
|
|a urn:nbn:sk:snk-am0082z6
|
| 035 |
|
|
|a 2C608211-F64C-4A2E-969C-023715EFF82A
|
| 040 |
|
|
|a SNK
|b slo
|c SNK
|e AACR2
|
| 041 |
0 |
|
|a slo
|b eng
|b rus
|
| 044 |
|
|
|a xo
|c SK
|
| 080 |
|
|
|a 002.6:168.4
|2 1981
|
| 100 |
1 |
|
|a Cigánik, Marek,
|d 1926-
|4 aut
|9 163356
|
| 245 |
1 |
0 |
|a Systém vedeckých informácií
|b teória systémov adresná pre informatické systémy
|c riešiteľ: Marek Cigánik ; zodpovedný riešiteľ: Michal Bako ; hlavný riešiteľ: Anton Klas
|
| 246 |
3 |
0 |
|a Teória systémov adresná pre informatické systémy
|
| 260 |
|
|
|a Bratislava
|b Výskumné výpočtové stredisko
|c 1971
|
| 300 |
|
|
|a 56, [1] s.
|b sch.
|c 29 cm
|
| 490 |
1 |
|
|a Výskumné práce
|v č. 9
|
| 504 |
|
|
|a Bibliogr. odkazy
|
| 546 |
|
|
|a Res. angl. a rus.
|
| 650 |
0 |
7 |
|a informačné systémy
|2 SNKPH
|9 1128
|
| 655 |
|
7 |
|a výskumné štúdie
|2 SNKPH
|9 308356
|
| 700 |
1 |
|
|a Bako, Michal,
|d 1924-2004
|4 aut
|9 210381
|
| 700 |
1 |
|
|a Klas, Anton
|4 aut
|9 358641
|
| 830 |
|
0 |
|a Výskumné práce
|9 276904
|
| 852 |
|
|
|a Slovenská národná knižnica
|
| 958 |
|
|
|a OND
|
| 958 |
|
|
|a RM
|
| 958 |
|
|
|a NB
|
| 999 |
|
|
|c 623451
|d 625381
|
| 952 |
|
|
|t P60, <03>, [BOOK], {603}
|a SNK
|b SNK
|y PREZ
|7 0
|p 17A0304502
|o snkSB 17524
|i snkKSP 7168/71
|0 0
|1 0
|4 0
|d 2001-06-07
|f 1
|l 0
|r 2025-03-18 00:00:00
|w 2026-02-23
|
| 952 |
|
|
|t P60, <04>, [BOOK], {604}
|a SNK
|b SNK
|y VYP
|7 0
|p 17A0310857
|o snkSB 17524 D1
|i snkD 1147/2001
|0 0
|1 0
|4 0
|d 2001-08-01
|l 0
|r 2005-01-01 00:00:00
|w 2026-02-23
|